Hồ Chí Minh chân dung đời thường
Gồm những câu chuyện kể về Bác Hồ với chân dung hết sức bình dị, hết sức đời thường trong con người Bác
Сохранить в:
| Главный автор: | |
|---|---|
| Формат: | |
| Опубликовано: |
H.
Thanh niên
2007
|
| Предметы: | |
| Метки: |
Добавить метку
Нет меток, Требуется 1-ая метка записи!
|
| Thư viện lưu trữ: | Trung tâm Học liệu Lê Vũ Hùng, Trường Đại học Đồng Tháp |
|---|
| LEADER | 01006pam a22002418a 4500 | ||
|---|---|---|---|
| 001 | 00000748 | ||
| 005 | 20171026081022.0 | ||
| 008 | 110323s2007 ||||||Viesd | ||
| 020 | |c 18000 | ||
| 041 | 0 | # | |a Vie |
| 082 | 1 | # | |a 959.704 092 |b H450M |
| 100 | 0 | # | |a Bá Ngọc |
| 245 | 0 | 0 | |a Hồ Chí Minh chân dung đời thường |c Bá Ngọc |
| 260 | # | # | |a H. |b Thanh niên |c 2007 |
| 300 | # | # | |a 111 tr. |c 20 cm. |
| 520 | 3 | # | |a Gồm những câu chuyện kể về Bác Hồ với chân dung hết sức bình dị, hết sức đời thường trong con người Bác |
| 650 | # | 7 | |2 Hồ Chí Minh |
| 653 | # | # | |a Hồ Chí Minh |a lối sống |a đạo đức |
| 852 | # | # | |b Kho mượn |j KM.0001124, KM.0001221, KM.0001222, KM.0001223 |
| 852 | # | # | |b Kho đọc |j KD.0000658 |
| 852 | # | # | |j KM.0001222 |j KM.0001223 |j KM.0001124 |j KM.0001221 |j KD.0000658 |
| 910 | |d 23/03/2011 | ||
| 980 | # | # | |a Trung tâm Học liệu Lê Vũ Hùng, Trường Đại học Đồng Tháp |